Condition for formation and extension of mineral and thermal waters in the Western Carpathians

Bibliographic Details
Main Authors: Franko, Ondrej, 1931-2011 (Author), Melioris, Ladislav, 1934- (Author)
Format: Article
Language:Slovak
English
PhysicalDescription:Mp., obr., tab.
ISSN:1335-096X
Subjects:

MARC

LEADER 00000nab a2200000 a 4500
001 vtls000706413
003 SK-MaSNL
005 20260304111136.0
008 250429c1999 xo 0 slo
015 |a SNBRB1999/10-25591 
035 |a CLN000058580 
035 |a urn:nbn:sk:snk-ab9dyu 
035 |a (urnnbn)urn:nbn:sk:snk:ar-a08asd 
035 |a (uuid)ab95c1e3-c190-4264-8016-a91b35583b83 
040 |a SNKBUCL  |b slo  |c SNKBUCL  |e AACR2 
041 0 |a eng 
044 |a xo  |c SK 
080 |a 553.7(234.372.3)  |2 1997 
080 |a 551.234(234.372.3)  |2 1997 
100 1 |a Franko, Ondrej,  |d 1931-2011  |4 aut  |9 106042 
245 1 0 |a Condition for formation and extension of mineral and thermal waters in the Western Carpathians  |c Ondrej Franko, Ladislav Melioris 
300 |b Mp., obr., tab. 
504 |a Res. angl. 
504 |a Bibliogr. odkazy 
650 0 7 |a vody minerálne  |x genéza  |z Západné Karpaty (Slovensko)  |2 snkbucl  |9 1410861 
650 0 7 |a vody termálne  |2 snkbucl  |9 856839 
655 7 |a články z novín a časopisov  |2 snkbucl  |9 267496 
700 1 |a Melioris, Ladislav,  |d 1934-  |4 aut  |9 39745 
773 0 |t Slovak geological magazine  |g Roč. 5, č. 1-2 (1999), s. 93-107  |x 1335-096X 
850 |a Slovenská národná knižnica 
852 |a Slovenská národná knižnica 
958 |a article13 
958 |a SK 
958 |a NB 
958 |a OND 
958 |a EUIPO 
999 |c 2861817  |d 2863747